Score 0/19 Timer 06:00
3 Plays Today
% Correct
Brighton & Hove, Oxford, Winchester...
98.5%
Aberdeen, Perth, Dundee...
97.3%
Leicester, Nottingham, Sheffield...
93.7%
Bangor, Lisburn, Belfast...
92%
Salford, Manchester, Liverpool...
91.1%
Cardiff, Wells, Bristol...
90.6%
Ely, Canterbury, Norwich...
90%
City of London, Westminster, St. Albans
88%
Ripon, Sunderland, Newcastle...
86.5%
Chichester, Southampton, Salisbury...
84.6%
% Correct
Plymouth, Exeter, Truro...
84.5%
Worcester, Coventry, Gloucester...
81.4%
Chester, St. Asaph, Liverpool
78.5%
Leeds, Wakefield, Bradford
77.3%
York, Hull
73.2%
Truro, Plymouth
68.7%
Oxford
63.5%
Inverness
63.3%
Newry, Armagh
33.9%
Remove Ads.
Support Sporcle.
Get the best of Sporcle when you Go Orange. This ad-free experience offers more features, more stats, and more fun while also helping to support Sporcle. Thank you for becoming a member.

You're not logged in!

Compare scores with friends on all Sporcle quizzes.
OR
Log In

Show Comments

Extras

Top Quizzes Today


Score Distribution

Your Account Isn't Verified!

In order to create a playlist on Sporcle, you need to verify the email address you used during registration. Go to your Sporcle Settings to finish the process.

Report this User

Report this user for behavior that violates our Community Guidelines.

Details: